MDQL
is popping MORE tags! Check the
thread
!
Quizzes
Events
Quiz Creation
Community
Videos
Private Events
Remove Ads
Sign In
Join for FREE
Feedback
Dark Mode
Quiz Categories
Sports
Geography
Music
Movies
Television
Just For Fun
Miscellaneous
History
Literature
Language
Science
Gaming
Entertainment
Religion
Holiday
For Kids
Quiz Lab
Recent
Popular Today
Quiz Kudos Today
Editor Picks
Curator Picks
Quizzes by...
Day
Popularity
Type
Ratings
Length
Year
Community
Subscriptions
Recent Discussions
Orange Saloon
Badges
Playlists
Quests
Create
Leaderboards
Showdown
Live 5
Trivia Bingo
Activity
Puzzle Library
Sporcle Events
Private Events
Virtual Trivia
Globe League
Become a Host
Pub Owners
SporcleCon
Opinionation
Our Games
Videos
Blog
Mobile Apps
Partnerships
Remove Ads and Go Orange
Feedback
Entertainment
Celebrity
Famous
Musical
Broadway
Show
Quote
Comic Books
Anime
Superhero
DC Comics
Marvel
Cartoons
Animation
Entertainment
Celebrity
Famous
Musical
Broadway
Show
Quote
Comic Books
Anime
Superhero
DC Comics
Marvel
Cartoons
Animation
Random Quiz
Search Sporcle
×
Quiz Lab
Quiz Lab
Entertainment
Celebrity
Type in answers that appear in a list
Type in answers that appear in a list
Classic
Best Score? Go Orange.
Celebrities Real Names Stats
Can you name the Celebrities Real Names?
By
GeneralSmuts
10m
20 Questions
167 Plays
167 Plays
167 Plays
Comments
Comments
Give Quiz Kudos
Give Quiz Kudos
-
- Ratings
hide this ad
Random Order
Randomize order of answers
Randomize order of answers
Replay
Link that replays current quiz
Next Quiz
Link to next quiz in quiz playlist
You Got
0%
They Got
Avg Score
28%
Avg Friend Score
Upgrade to see
Score Distribution
Jump to the score distribution portion of the page
Score
0/20
Timer
10:00
0
Plays Today
Real Name
Celebrity
% Correct
Marion Morrison
John Wayne
53.3%
Terry Bollea
Hulk Hogan
51.5%
Robert Van Winkle
Vanilla Ice
47.9%
Allen Konigsberg
Woody Allen
46.7%
Natalie Hershlag
Natalie Portman
35.9%
Anna Bullock
Tina Turner
32.3%
Mark Vincent
Vin Diesel
32.3%
Farrokh Bulsara
Freddie Mercury
30.5%
Declan McManus
Elvis Costello
29.9%
Columcille Gibson
Mel Gibson
28.7%
Real Name
Celebrity
% Correct
Maurice Micklewhite
Michael Caine
26.9%
Tara Patrick
Carmen Electra
25.1%
Erich Weiss
Harry Houdini
21%
Steveland Judkins
Stevie Wonder
20.4%
Marvin Aday
Meatloaf
20.4%
Vincent Damon Furnier
Alice Cooper
20.4%
Florian Cloud de Bounevialle Armstrong
Dido
13.2%
Richard Melville Hall
Moby
11.4%
Stuart Leslie Goddard
Adam Ant
10.2%
John Charles Carter
Charlton Heston
4.2%
Quiz Playlist
Details
Report
Send in Message
Add To Playlist
Classic:
Type in answers that appear in a list
Random Order:
Randomize order of answers
Last Updated: Feb 16, 2017
Quiz Scoreboard
CHALLENGE
Sign Up to Join the Scoreboard
Show All
Scores
Hide
Comments
May contain spoilers
Recently Published
Two Season TV Shows II
by 123Four
Television
10m
Image Sorting: Flags VI
by Barbecue
Geography
2m
Find the 'City' Movie
by crazypaving
Movies
60s
More to Explore
Quiz From the Vault
Featured Blog Post
14 Easter Pick-up Lines to Find Eggs With
hide this ad
You Might Also Like...
Tags
Celebrity Quiz
Today's Top Quizzes in Entertainment
Browse Entertainment
hide this ad
Today's Top Quizzes in Celebrity
Browse Celebrity
Top Contributed Quizzes in Entertainment
1
Marvel Classic Character Map
2
Dragon Ball Z: Goku's Fights in Order
3
Movie-Themed Roller Coasters
4
Marvel Characters Bunker
5
Who stole Onew's chicken? (KPOP LOGIC QUIZ)
6
Sorting Pictures: Villains
7
JoJo's Bizarre Logic Quiz
8
Harry Styles-Are you no.1 fan
9
Celebrity Spelling Bee
10
This is Your Life: Edward Elric
Explore More
Trending Topics
Anime
NBA
Marvel
Disney
Kpop
Harry Potter
Crossword
Country
The Office
NFL
Song
WWE
Soccer
Pokémon
Puzzle
hide this ad
More By:
GeneralSmuts
Quiz
Plays
Rating
Category
Featured
Created
Celebrities Real Names
167
4.33
Entertainment
Mar 5, 2010
Go to Creator's Profile
Score Distribution
Quiz Creator Spotlight
GeneralSmuts
Follow
Send a Message
Quizzes Created
-
Created Quiz Play Count
-
More By This Creator
Popular Quizzes Today
1
Find the US States - No Outlines Minefield
2
Colored Red Africa Blitz
3
Find the 'City' Movie
4
5x2 Blitz: Bands
5
The Countries of the World
6
Find the Countries of Europe - No Outlines Minefield
7
Find the US States
8
US States
More Entertainment Quizzes
Lego Super Hero Slideshow
Published
Trending Quizzes
Colored Red Europe Blitz I
Colored Red Africa Blitz II
Colored Red Europe Blitz II
Colored Red Africa Blitz III
Colored Red Europe Blitz III
Recently Updated
How Do You Spell That?
pecheneg
Godzilla Movies
pecheneg
Grab Bag: 4-10 Letters
pecheneg
2024 March Madness Bracket
pecheneg
Famous TV Couples
Peacemaker
Champions League XIs: Real Madrid
pecheneg
Largest US Cities 1790-2010
pecheneg
Rides in Walt Disney World
pecheneg
Most Oscar Losses (Acting)
pecheneg
Beyoncé Albums
pecheneg
Trending Topics
Disney
NBA
Kpop
Anime
Crossword
Marvel
Harry Potter
Song
WWE
NFL
Pokémon
Puzzle
Country
Soccer
The Office
Your Account Isn't Verified!
In order to create a playlist on Sporcle, you need to verify the email address you used during registration. Go to your
Sporcle Settings
to finish the process.
Report this User
Report this user for behavior that violates our
Community Guidelines
.
Details:
Send Report
Go to the Sporcle.com Mobile Site →
Comments